|
|
|
|
| LEADER |
00000cam a22000004a 4500 |
| 001 |
musev2_17818 |
| 003 |
MdBmJHUP |
| 005 |
20230905041925.0 |
| 006 |
m o d |
| 007 |
cr||||||||nn|n |
| 008 |
100810s2008 flu o 00 0 eng d |
| 010 |
|
|
|z 2008014476
|
| 020 |
|
|
|a 9780813045856
|
| 035 |
|
|
|a (OCoLC)654838733
|
| 040 |
|
|
|a MdBmJHUP
|c MdBmJHUP
|
| 100 |
1 |
|
|a Jordan, Kurt A.,
|d 1966-
|
| 245 |
1 |
4 |
|a The Seneca Restoration, 1715-1754 :
|b An Iroquois Local Political Economy /
|c Kurt A. Jordan.
|
| 264 |
|
1 |
|a Gainesville :
|b University Press of Florida,
|c 2008.
|
| 264 |
|
3 |
|a Baltimore, Md. :
|b Project MUSE,
|c 2013
|
| 264 |
|
4 |
|c ©2008.
|
| 300 |
|
|
|a 1 online resource (448 pages):
|b illustrations, maps
|
| 336 |
|
|
|a text
|b txt
|2 rdacontent
|
| 337 |
|
|
|a computer
|b c
|2 rdamedia
|
| 338 |
|
|
|a online resource
|b cr
|2 rdacarrier
|
| 505 |
0 |
|
|a Introduction : colonialism and decline in eighteenth-century Iroquois studies -- Local political economy -- Toward a history of the Seneca homeland, 1677-1754 -- New Ganechstage in the library, museum, and archive -- Archaeology at the Townley-Read Site, 1996-2000 -- Seneca settlement pattern and community structure, 1677-1779 -- The logic of dispersed settlement -- Iroquois housing, 1677-1754 : terminology and definitions -- Iroquois housing, 1677-1754 : archaeological and documentary evidence -- Archaeology and Townley-Read's economy : faunal remains, red stone, and alcohol bottles -- Turning points in Iroquois history : a re-evaluation -- Conclusion : archaeology and the Seneca restoration.
|
| 520 |
8 |
|
|a The Iroquois nation is commonly perceived as having plunged into a steep decline in the late 17th century due to colonial encroachment into the Great Lakes region. This book challenges long-standing interpretations that depict the Iroquois as defeated, colonized peoples.
|
| 546 |
|
|
|a English.
|
| 588 |
|
|
|a Description based on print version record.
|
| 651 |
|
6 |
|a Townley-Read (N.Y. : Site archeologique)
|
| 651 |
|
7 |
|a Seneca <Volk>
|2 swd
|
| 651 |
|
7 |
|a New York (State)
|z Townley-Read Site.
|2 fast
|0 (OCoLC)fst01875246
|
| 651 |
|
7 |
|a New York (State)
|z Geneva.
|2 fast
|0 (OCoLC)fst01202948
|
| 651 |
|
0 |
|a Geneva (N.Y.)
|x Antiquities.
|
| 651 |
|
0 |
|a Townley-Read Site (N.Y.)
|
| 650 |
|
6 |
|a Fouilles (Archeologie)
|z New York (État)
|z Townley-Read (Site archeologique)
|
| 650 |
|
6 |
|a Colonisation interieure
|x Types
|z New York (État)
|z Townley-Read (Site archeologique)
|
| 650 |
|
7 |
|a Seneca Indians
|x Antiquities.
|2 fast
|0 (OCoLC)fst01112449
|
| 650 |
|
7 |
|a Land settlement patterns.
|2 fast
|0 (OCoLC)fst00991332
|
| 650 |
|
7 |
|a Excavations (Archaeology)
|2 fast
|0 (OCoLC)fst00917564
|
| 650 |
|
7 |
|a Antiquities.
|2 fast
|0 (OCoLC)fst00810745
|
| 650 |
|
7 |
|a SOCIAL SCIENCE
|x Archaeology.
|2 bisacsh
|
| 650 |
|
7 |
|a HISTORY
|z United States
|x State & Local
|x New England (CT, MA, ME, NH, RI, VT)
|2 bisacsh
|
| 650 |
|
7 |
|a HISTORY
|z United States
|x State & Local
|x Middle Atlantic (DC, DE, MD, NJ, NY, PA)
|2 bisacsh
|
| 650 |
|
7 |
|a HISTORY
|z United States
|x State & Local
|x General.
|2 bisacsh
|
| 650 |
|
0 |
|a Excavations (Archaeology)
|z New York (State)
|z Townley-Read Site.
|
| 650 |
|
0 |
|a Land settlement patterns
|z New York (State)
|z Townley-Read Site.
|
| 650 |
|
0 |
|a Seneca Indians
|z New York (State)
|z Townley-Read Site
|x Antiquities.
|
| 655 |
|
7 |
|a Electronic books.
|2 local
|
| 710 |
2 |
|
|a Society for Historical Archaeology.
|
| 710 |
2 |
|
|a Project Muse.
|e distributor
|
| 830 |
|
0 |
|a Book collections on Project MUSE.
|
| 856 |
4 |
0 |
|z Texto completo
|u https://projectmuse.uam.elogim.com/book/17818/
|
| 945 |
|
|
|a Project MUSE - Custom Collection
|
| 945 |
|
|
|a Project MUSE - Archive Complete Supplement
|
| 945 |
|
|
|a Project MUSE - Archive History Supplement
|
| 945 |
|
|
|a Project MUSE - Archive Native American and Indigenous Studies Foundation
|